Gaming Quiz

Random Gaming or City Quiz

Mini Metro Cities (Steam Game) Quiz Stats

 Plays Quiz not verified by Sporcle

Support Sporcle.
Go Orange.
Score 0/26 Timer 07:00
0 Plays Today
Answer % Correct
New York
90.7%
London
88.9%
Paris
79.6%
Berlin
66.7%
Shanghai
54.8%
Washington D.C.
53.8%
Mumbai
53.8%
San Francisco
50%
Cairo
46.3%
Seoul
45.2%
Auckland
44.4%
Osaka
42.6%
Montreal
40.7%
Answer % Correct
Sao Paulo
38.9%
Stockholm
38.5%
Istanbul
38.5%
Hong Kong
37%
Melbourne
37%
Chicago
33.3%
Santiago
33.3%
Chongqing
33.3%
St Petersburg
31.5%
Singapore
30.8%
Barcelona
22.2%
Guangzhou
11.1%
Lagos
0%

You're not logged in!

Compare scores with friends on all Sporcle quizzes.
OR
Log In

From the Vault

One Word Movie Posters

by RobPro

For these movies, the posters essentially spoke for themselves.
Remove Ads.
Support Sporcle.
Get the best of Sporcle when you Go Orange. This ad-free experience offers more features, more stats, and more fun while also helping to support Sporcle. Thank you for becoming a member.

Show Comments

Extras

Created Feb 6, 2016ReportNominate
Tags:City Quiz, metro, mini, steam

Top Quizzes Today


Score Distribution

Your Account Isn't Verified!

In order to create a playlist on Sporcle, you need to verify the email address you used during registration. Go to your Sporcle Settings to finish the process.

Report this User

Report this user for behavior that violates our Community Guidelines.

Details: